000 00419nam a22001337a 4500
008 131219b xxu||||| |||| 00| 0 eng d
050 _aGV199.44.E85Y68
100 _aYounghusband, Francis
_96188
245 _aEverest
_bThe challenge
_c Francis Younghusband
260 _aLondon
_bThomas Nelson
_c1941
300 _aix; 243p.;
_c19cm
650 _aMountaineering
_xHistory
_zEverest, Mount
_96189
942 _2lcc
_cMONOGRAPH
999 _c119418
_d119418